| 000 | 01139nam a2200289 i 4500 | ||
|---|---|---|---|
| 001 | 67088 | ||
| 003 | ES-MaACL | ||
| 005 | 20250806062526.0 | ||
| 007 | t| | ||
| 008 | 040502s2000 sp ||||1| spa d | ||
| 040 | _aBR-M | ||
| 080 | _a711.6(460.27 M.) Puerta del Sol (0:821.134.2) | ||
| 080 | _a821.134.2 Carrere, Emilio 1.07 | ||
| 100 | 1 |
_aMontero Padilla, José. _982534 |
|
| 245 | 1 | 3 |
_aLa Puerta del Sol y una novela de Emilio Carrere / _cpor José Montero Padilla. |
| 260 |
_aMadrid : _bAyuntamiento, Primera Tenencia de Alcaldía : _bInstituto de Estudios Madrileños, _c2000. |
||
| 300 |
_a19 p. ; _c21 cm. |
||
| 490 | 1 |
_aCiclo de conferencias: La Plaza de la Puerta del Sol ; _v4 |
|
| 500 | _aPrecede al tit.: Centro Mesonero Romanos. | ||
| 600 | 1 | 4 |
_aCarrere, Emilio- _xCrítica e interpretación. _935692 |
| 650 | 4 |
_aPuerta del Sol (Madrid)- _xEn la literatura. _9183087 |
|
| 651 | 4 |
_aPlazas- _zMadrid. _9183088 |
|
| 710 | 2 |
_aInstituto de Estudios Madrileños _94916 |
|
| 830 | 0 |
_aCiclo de conferencias: La Plaza de la Puerta del Sol ; _v4 _9183085 |
|
| 852 |
_aES-MaACL _j2173-F-4 _bR.133024 |
||
| 999 |
_c67088 _d67088 |
||